01013nas a2200289 4500001001000000003000900010005001700019007000300036008003400039040005400073041000900127072000800136100001700144100001900161100002000180100001800200100002000218245006600238650002100304650002100325650001900346773012800365909004000493942001800533999001900551952015300570BR9804201BR-BrBNA20231205101040.0ta230509b bl.|||p| |||| 00| 00por d aBR-BrBNAbporcBiblioteca Nacional de Agricultura a(Pt) aL741 aBorges, A.S.1 aMendes, L.C.N.1 aVasconcelos, R.1 aAlves, A.L.G.1 aRodrigues, C.A.1 aEspinha bifida e mielodisplasia em ruminantes: relato de caso aDisturbio Animal aColuna Vertebral aMedula Espinal0 tArquivo Brasileiro de Medicina Veterinaria e Zootecnia (Brazil)xISSN 0102-0935g(Dec 1997), v. 49(6) p. 673-683wBR9804201 a202311bLúciac55dLúcia Elande 2AGRISn0cANA c159429d159429 002AGRIS4071a41918b41918cPeriódicos Agrícolash(Dec 1997), v. 49(6) p. 673-683l0r2023-11-29t01yCRePortaria Interministerial nº 164/94